000 00793 a2200265 4500
003 MN-UlNLM
005 20230125121626.0
008 a130s1967 mp ||||| |||| 00| 0 mon d
040 _aМонгол Улсын Үндэсний номын сан
041 _amon
084 _a413Орос
_210-t
_bУ 315
_q80
110 _aШУА
245 0 _aУлсын нэр томъёоны комиссын мэдээ
250 _a1
260 1 _aУБ
_bШУАХ
_c1967
300 _a46х
490 _aАрьс өнгөний өвчний нэр томьёо
_n№70
500 _aБНМАУ-ын шинжлэх ухааны хүрээлэн
546 _aRussia
_aMongolia
653 _aХэл шинжлэл
740 _aА- Я.
856 _aprintbook
942 _cBK
999 _c7713
_d7713